<?xml version="1.0" encoding="UTF-8"?>
<record
    xmlns:xsi="http://www.w3.org/2001/XMLSchema-instance"
    xsi:schemaLocation="http://www.loc.gov/MARC21/slim http://www.loc.gov/standards/marcxml/schema/MARC21slim.xsd"
    xmlns="http://www.loc.gov/MARC21/slim">

  <leader>01112nam a2200205 a 4500</leader>
  <controlfield tag="001">000045242</controlfield>
  <controlfield tag="005">20240412074304.0</controlfield>
  <controlfield tag="008">150216s1975    dr            000 p spa d</controlfield>
  <datafield tag="040" ind1=" " ind2=" ">
    <subfield code="a">DO-SdBNP</subfield>
    <subfield code="b">spa</subfield>
    <subfield code="c">BNPHU</subfield>
  </datafield>
  <datafield tag="082" ind1=" " ind2=" ">
    <subfield code="a">RD861.44</subfield>
    <subfield code="b">A644r</subfield>
  </datafield>
  <datafield tag="100" ind1="1" ind2=" ">
    <subfield code="a">Aponte Vicioso, Guillermo</subfield>
    <subfield code="9">73267</subfield>
  </datafield>
  <datafield tag="245" ind1="1" ind2="0">
    <subfield code="a">Rel&#xE1;mpagos literarios /</subfield>
    <subfield code="c">Guillermo Aponte Vicioso.</subfield>
  </datafield>
  <datafield tag="260" ind1=" " ind2=" ">
    <subfield code="a">Santo Domingo :</subfield>
    <subfield code="b">[s. n.],</subfield>
    <subfield code="c">1975.</subfield>
  </datafield>
  <datafield tag="300" ind1=" " ind2=" ">
    <subfield code="a">79 p. ;</subfield>
    <subfield code="c">21 cm.</subfield>
  </datafield>
  <datafield tag="505" ind1="0" ind2=" ">
    <subfield code="a">VERSOS</subfield>
    <subfield code="t">Sue&#xF1;o de amor --</subfield>
    <subfield code="t">Amor y vejez --</subfield>
    <subfield code="t">Rechazo --</subfield>
    <subfield code="t">Fantasia de amor --</subfield>
    <subfield code="t">La alegre moribunda --</subfield>
    <subfield code="t">Ofrenda --</subfield>
    <subfield code="t">Extra&#xF1;o amor --</subfield>
    <subfield code="t">Tortura --</subfield>
    <subfield code="t">Evocaci&#xF3;n --</subfield>
    <subfield code="t">De ti y de mi --</subfield>
    <subfield code="t">Cuento de amor --</subfield>
    <subfield code="t">Otro hijo tu y yo --</subfield>
    <subfield code="t">Pregonando tu amor --</subfield>
    <subfield code="t">Tu rosa y la mariposa --</subfield>
    <subfield code="t">Juego de palabras --</subfield>
    <subfield code="t">CUENTOS</subfield>
    <subfield code="t">El conejo de par&#xED;s --</subfield>
    <subfield code="t">El milagro divino --</subfield>
    <subfield code="t">La loca --</subfield>
    <subfield code="t">Ramona la billetera --</subfield>
    <subfield code="t">Sally --</subfield>
    <subfield code="t">Fabula de las flores --</subfield>
    <subfield code="t">El gerente --</subfield>
    <subfield code="t">Luzman el mago --</subfield>
    <subfield code="t">Los sobrinos del cardenal --</subfield>
    <subfield code="t">El cuento de Donato --</subfield>
  </datafield>
  <datafield tag="590" ind1=" " ind2=" ">
    <subfield code="a">Inventariado, 2018/ VM</subfield>
  </datafield>
  <datafield tag="650" ind1=" " ind2="0">
    <subfield code="a">Poes&#xED;a dominicana</subfield>
    <subfield code="9">66</subfield>
  </datafield>
  <datafield tag="650" ind1=" " ind2="0">
    <subfield code="a">Literatura dominicana.</subfield>
    <subfield code="9">67</subfield>
  </datafield>
  <datafield tag="910" ind1=" " ind2=" ">
    <subfield code="a">Validado. Control de caliad MFF</subfield>
  </datafield>
  <datafield tag="952" ind1=" " ind2=" ">
    <subfield code="0">0</subfield>
    <subfield code="1">0</subfield>
    <subfield code="7">1</subfield>
    <subfield code="8">PD</subfield>
    <subfield code="a">PD</subfield>
    <subfield code="b">PD</subfield>
    <subfield code="c">HD</subfield>
    <subfield code="d">2015-02-16</subfield>
    <subfield code="i">LF1</subfield>
    <subfield code="l">0</subfield>
    <subfield code="o">RD861.44 A644r</subfield>
    <subfield code="p">45242-10</subfield>
    <subfield code="r">2020-06-25</subfield>
    <subfield code="w">2020-06-25</subfield>
    <subfield code="y">LFPD</subfield>
    <subfield code="z">Perteneci&#xF3; a la biblioteca personal de Sonia Ginebra.</subfield>
    <subfield code="Z">No se presta</subfield>
  </datafield>
  <datafield tag="999" ind1=" " ind2=" ">
    <subfield code="c">44731</subfield>
    <subfield code="d">44731</subfield>
  </datafield>
</record>
